| 000 | 00595cam a2200181 a 4500 | ||
|---|---|---|---|
| 001 | 000005698 | ||
| 005 | 20200929151742.0 | ||
| 008 | 870113s1982 ve a b f001 0 spa | ||
| 040 |
_aDO-SdBNP _cDLC _dDLC |
||
| 082 |
_a987.26 _bP427h |
||
| 100 | 1 |
_aPerazzo, Nicolás. _916093 |
|
| 245 | 1 | 0 |
_aHistoria del Estado Yaracuy / _cNicolás Perazzo. |
| 260 |
_aCaracas : _bPresidencia de la República, _c1982. |
||
| 300 |
_a251 p. : _bil. ; _c23 cm. |
||
| 504 | _aIncluye referencias Bibliográficas: p. 243-251. | ||
| 651 | 4 |
_aYuracuy _zVenezuela _xHistroia _916094 |
|
| 910 | _aCatalogación por copia / LC | ||
| 999 |
_c5495 _d5495 |
||